| 000 | 00353nam a2200145Ia 4500 | ||
|---|---|---|---|
| 008 | 191201s2008 xx 000 0 und d | ||
| 082 |
_a658.3 _bDOI |
||
| 100 | _aDOWLING, Peter J. | ||
| 245 | 0 | _ainternational Human Resource Management | |
| 250 | _aRep. | ||
| 260 |
_aN.Delhi _bSouth western _c2008 |
||
| 300 | _a333 | ||
| 650 | _aMBA | ||
| 942 |
_2ddc _cBK |
||
| 999 |
_c3541 _d3541 |
||